[Event "CHN-chT Torch Real Estate Cup"]
[Site "Wuxi"]
[Date "2005.05.09"]
[Round "8"]
[White "Li, Wenliang"]
[Black "Xu, Hanbing"]
[Result "1/2-1/2"]
[WhiteElo "2422"]
[BlackElo "2290"]
[PlyCount "113"]
[EventDate "2005.05.08"]
[EventType "team-tourn"]
[EventRounds "13"]
[EventCountry "CHN"]
[SourceTitle "CBM 106 Extra"]
[Source "ChessBase"]
[SourceDate "2005.07.01"]
[SourceVersion "1"]
[SourceVersionDate "2005.07.01"]
[SourceQuality "1"]

1. d4 e6 2. c4 b6 3. a3 Nf6 4. Nc3 d5 5. cxd5 Nxd5 6. e4 Nxc3 7. bxc3 Be7 8. Bb5+ c6 9. Bd3 0-0 10. Nf3 c5 11. Qe2 a5 12. 0-0 Ba6 13. Bxa6 Rxa6 14. Rd1 cxd4 15. cxd4 Ra7 16. Rb1 Qd6 17. d5 exd5 18. Rxd5 Qg6 19. Qd3 Nd7 20. Be3 Nc5 21. Bxc5 Bxc5 22. Ne5 Qf6 23. Rf1 Re8 24. Nd7 Qe7 25. a4 g6 26. e5 Rxd7 27. Rxd7 Qxe5 28. g3 Qf6 29. Qd1 h5 30. Rd3 Re4 31. Qb3 Rb4 32. Rf3 Qe7 33. Qd1 Re4 34. Kg2 Qe8 35. Qd5 Re6 36. Rd1 Qxa4 37. Qa8+ Re8 38. Rd8 Rf8 39. Qd5 Rxd8 40. Qxf7+ Kh8 41. Qf6+ Kh7 42. Qxd8 Qe4 43. Qd7+ Kh6 44. Qd2+ Kg7 45. Qd7+ Kh6 46. h4 a4 47. Qd2+ Kh7 48. Qd7+ Kh6 49. Qf7 a3 50. Qg8 Qb7 51. Qb3 Qa8 52. Qa2 Bb4 53. Qf7 a2 54. Qf4+ Kh7 55. Qf7+ Kh6 56. Qf4+ Kh7 57. Qf7+ 1/2-1/2

[Event "Groningen Harmonie"]
[Site "Groningen"]
[Date "2003.12.23"]
[Round "3"]
[White "Li, Wenliang"]
[Black "Michiels, Bart"]
[Result "1-0"]
[WhiteElo "2477"]
[BlackElo "2390"]
[PlyCount "103"]
[EventDate "2003.12.21"]
[EventType "tourn"]
[EventRounds "9"]
[EventCountry "NED"]
[EventCategory "10"]
[SourceTitle "CBM 099"]
[Source "ChessBase"]
[SourceDate "2004.03.30"]
[SourceVersion "1"]
[SourceVersionDate "2004.03.30"]
[SourceQuality "1"]

1. d4 d5 2. c4 dxc4 3. e3 Nf6 4. Bxc4 e6 5. Nf3 c5 6. 0-0 a6 7. a4 Nc6 8. Qe2 Be7 9. Rd1 Qb6 10. b3 cxd4 11. exd4 0-0 12. Nc3 Rd8 13. Bb2 Nd5 14. Ne5 Nxc3 15. Bxc3 Nxe5 16. Qxe5 Bf6 17. Ba5 Qc6 18. Qc7 Qxc7 19. Bxc7 Rxd4 20. Rxd4 Bxd4 21. Rd1 Bf6 22. a5 Kf8 23. Be2 Ke8 24. Bf3 Bd7 25. Rc1 Bd8 26. Bxb7 Ra7 27. Bxd8 Kxd8 28. Be4 Bb5 29. h4 h6 30. Bc6 Bxc6 31. Rxc6 Kd7 32. Rb6 Kc7 33. Kh2 Rb7 34. Rxa6 Rxb3 35. Ra7+ Rb7 36. Ra8 Rb4 37. Kg3 Kd7 38. Ra7+ Ke8 39. a6 Ra4 40. h5 Kf8 41. Kf3 g6 42. hxg6 fxg6 43. Ke3 h5 44. f4 Kg8 45. Kd3 h4 46. Kc3 g5 47. fxg5 e5 48. Kd3 Kh8 49. g6 Kg8 50. Ke3 Kh8 51. Rh7+ Kg8 52. a7 1-0

[Event "Groningen Harmonie"]
[Site "Groningen"]
[Date "2003.12.22"]
[Round "2"]
[White "Dambacher, Martijn"]
[Black "Li, Wenliang"]
[Result "1/2-1/2"]
[WhiteElo "2419"]
[BlackElo "2477"]
[PlyCount "92"]
[EventDate "2003.12.21"]
[EventType "tourn"]
[EventRounds "9"]
[EventCountry "NED"]
[EventCategory "10"]
[SourceTitle "CBM 099"]
[Source "ChessBase"]
[SourceDate "2004.03.30"]
[SourceVersion "1"]
[SourceVersionDate "2004.03.30"]
[SourceQuality "1"]

1. d4 Nf6 2. c4 e6 3. Nc3 Bb4 4. e3 0-0 5. Bd3 d5 6. Nf3 c5 7. 0-0 dxc4 8. Bxc4 cxd4 9. exd4 b6 10. Bg5 Bb7 11. Ne5 h6 12. Bxf6 Qxf6 13. Re1 Bxc3 14. bxc3 Qg5 15. Nf3 Qa5 16. Re3 Nd7 17. Qb3 a6 18. Ne5 Nf6 19. Be2 Rac8 20. c4 Rfd8 21. Rd1 b5 22. c5 Bd5 23. Qb2 Qxa2 24. Qxa2 Bxa2 25. Ra3 Bc4 26. Nxc4 bxc4 27. Rc3 Nd5 28. Rxc4 Rb8 29. g3 Rb2 30. Bf1 Rb4 31. Ra1 Rxc4 32. Bxc4 Nc7 33. Kf1 Kf8 34. Ke2 Rxd4 35. Bxa6 Rd5 36. c6 Nxa6 37. Rxa6 Rc5 38. Ra8+ Ke7 39. Ra7+ Kf6 40. Rc7 e5 41. Rc8 Ke7 42. c7 h5 43. h4 g6 44. Kd3 Kf6 45. Ke4 Kg7 46. f3 f5+ 1/2-1/2

[Event "Groningen Harmonie"]
[Site "Groningen"]
[Date "2003.12.21"]
[Round "1"]
[White "L'Ami, Erwin"]
[Black "Li, Wenliang"]
[Result "1/2-1/2"]
[WhiteElo "2470"]
[BlackElo "2477"]
[PlyCount "59"]
[EventDate "2003.12.21"]
[EventType "tourn"]
[EventRounds "9"]
[EventCountry "NED"]
[EventCategory "10"]
[SourceTitle "CBM 099"]
[Source "ChessBase"]
[SourceDate "2004.03.30"]
[SourceVersion "1"]
[SourceVersionDate "2004.03.30"]
[SourceQuality "1"]

1. e4 e5 2. Nf3 Nc6 3. Bb5 Bc5 4. 0-0 Nf6 5. d3 d6 6. c3 0-0 7. h3 Bd7 8. Re1 Bb6 9. Nbd2 Ne7 10. Bxd7 Nxd7 11. Nc4 Ng6 12. a4 a6 13. Nxb6 Nxb6 14. d4 a5 15. Qb3 Qd7 16. dxe5 dxe5 17. Be3 Ra6 18. Qb5 Qe6 19. Bxb6 Rxb6 20. Qxa5 Rxb2 21. Qxc7 Rc8 22. Qa5 b6 23. Qd5 Rxc3 24. Qxe6 fxe6 25. Rec1 Rxc1+ 26. Rxc1 h6 27. Rc4 Kf7 28. g3 Kf6 29. Kg2 Nf8 30. Nh2 1/2-1/2

[Event "Seville op 28th"]
[Site "Seville"]
[Date "2003.01.18"]
[Round "9"]
[White "Ivanov, Jordan"]
[Black "Li, Wenliang"]
[Result "1/2-1/2"]
[WhiteElo "2446"]
[BlackElo "2497"]
[PlyCount "125"]
[EventDate "2003.01.10"]
[EventType "swiss"]
[EventRounds "9"]
[EventCountry "ESP"]
[SourceTitle "CBM 092 Extra"]
[Source "ChessBase"]
[SourceDate "2003.03.07"]
[SourceVersion "1"]
[SourceVersionDate "2003.03.07"]
[SourceQuality "1"]

1. Nf3 Nf6 2. c4 b6 3. g3 c5 4. Bg2 Bb7 5. 0-0 e6 6. Nc3 d6 7. b3 Nbd7 8. Bb2 a6 9. e3 Be7 10. d4 cxd4 11. exd4 d5 12. Ne5 0-0 13. cxd5 exd5 14. Rc1 Rc8 15. Qd3 b5 16. Qf5 Nb6 17. Ne2 Ne4 18. Nf4 g6 19. Qg4 Bf6 20. h4 Bg7 21. h5 Qd6 22. hxg6 hxg6 23. Nfd3 Rxc1 24. Rxc1 Rc8 25. Rxc8+ Bxc8 26. Qf4 Qf6 27. Qc1 Qd8 28. Ba3 Bf5 29. g4 Bxe5 30. dxe5 Bxg4 31. f3 Ng3 32. Nf4 Bf5 33. Bc5 Nd7 34. Bf2 Qh4 35. Qe1 Qxf4 36. Bxg3 Qd4+ 37. Kh2 Qb2 38. Qa5 Nxe5 39. Qd8+ Kg7 40. Qxd5 f6 41. b4 Be6 42. Bxe5 Qxe5+ 43. Qxe5 fxe5 44. a3 Kf6 45. Kg3 Kg5 46. Bf1 Bc8 47. Bg2 Bf5 48. Bh1 Kf6 49. Kf2 Bh3 50. Kg3 Bc8 51. Bg2 Ke7 52. Kf2 Kd6 53. Ke3 g5 54. Bf1 Bf5 55. Be2 Kd5 56. Bf1 Kd6 57. Be2 Bc8 58. Bd3 g4 59. fxg4 Bxg4 60. Be4 Bd7 61. Bb7 Kc7 62. Bxa6 Kb6 63. Bxb5 1/2-1/2

[Event "Seville op 28th"]
[Site "Seville"]
[Date "2003.01.17"]
[Round "8"]
[White "Li, Wenliang"]
[Black "Ruan, Lufei"]
[Result "1-0"]
[WhiteElo "2497"]
[BlackElo "2246"]
[PlyCount "47"]
[EventDate "2003.01.10"]
[EventType "swiss"]
[EventRounds "9"]
[EventCountry "ESP"]
[SourceTitle "CBM 092 Extra"]
[Source "ChessBase"]
[SourceDate "2003.03.07"]
[SourceVersion "1"]
[SourceVersionDate "2003.03.07"]
[SourceQuality "1"]

1. c4 c6 2. e4 d5 3. exd5 cxd5 4. cxd5 Nf6 5. Nc3 Nxd5 6. Nf3 Nxc3 7. bxc3 g6 8. d4 Bg7 9. Bd3 Nc6 10. 0-0 0-0 11. Re1 Qd6 12. a4 Rd8 13. Ng5 h6 14. Ne4 Qc7 15. Qf3 Bf5 16. Bf4 e5 17. Bg3 Qa5 18. Rab1 exd4 19. Rb5 Bxe4 20. Rxe4 Qxc3 21. Rxb7 Qa1+ 22. Bf1 Qa2 23. Re2 Qd5 24. Re8+ 1-0

[Event "Seville op 28th"]
[Site "Seville"]
[Date "2003.01.12"]
[Round "3"]
[White "Barrero Garcia, Carlos"]
[Black "Li, Wenliang"]
[Result "1/2-1/2"]
[WhiteElo "2325"]
[BlackElo "2497"]
[PlyCount "107"]
[EventDate "2003.01.10"]
[EventType "swiss"]
[EventRounds "9"]
[EventCountry "ESP"]
[SourceTitle "CBM 092 Extra"]
[Source "ChessBase"]
[SourceDate "2003.03.07"]
[SourceVersion "1"]
[SourceVersionDate "2003.03.07"]
[SourceQuality "1"]

1. Nf3 Nf6 2. c4 e6 3. Nc3 d5 4. d4 Be7 5. Bf4 0-0 6. e3 c6 7. Qc2 Nbd7 8. h3 dxc4 9. Bxc4 Nd5 10. Bh2 Nxc3 11. bxc3 b6 12. 0-0 Bb7 13. Rfd1 Qc8 14. e4 Ba6 15. Bxa6 Qxa6 16. c4 Rac8 17. a4 Qa5 18. g4 Rfd8 19. Bf4 Nf8 20. h4 Ng6 21. Bd2 Qa6 22. h5 Nh4 23. Nxh4 Bxh4 24. Bf4 Be7 25. h6 g6 26. a5 b5 27. c5 Qb7 28. Qb2 f6 29. a6 Qd7 30. Qb3 g5 31. Bd2 Bf8 32. Ba5 Re8 33. Rd3 Qf7 34. Rad1 Bxh6 35. d5 exd5 36. exd5 cxd5 37. Qxb5 Qe6 38. Rd4 Rb8 39. Qd3 Bf8 40. Rxd5 Qxg4+ 41. Kf1 Qh4 42. Kg2 Rb2 43. Rf5 Ree2 44. Rf1 Qg4+ 45. Kh1 Re3 46. Rxg5+ Qxg5 47. Qxe3 Qd5+ 48. Kh2 Rb3 49. Qe8 Rh3+ 50. Kxh3 Qf3+ 51. Kh2 Qf4+ 52. Kh1 Qh4+ 53. Kg1 Qg4+ 54. Kh1 1/2-1/2

[Event "Bad Zwesten op 7th"]
[Site "Bad Zwesten"]
[Date "2003.??.??"]
[Round "9"]
[White "Frank, Wolfgang"]
[Black "Li, Wenliang"]
[Result "0-1"]
[WhiteElo "2209"]
[BlackElo "2497"]
[PlyCount "80"]
[EventDate "2003.01.02"]
[EventType "swiss"]
[EventRounds "9"]
[EventCountry "GER"]
[SourceTitle "CBM 092 Extra"]
[Source "ChessBase"]
[SourceDate "2003.03.07"]
[SourceVersion "1"]
[SourceVersionDate "2003.03.07"]
[SourceQuality "1"]

1. e4 e5 2. Nf3 Nc6 3. Bb5 Bc5 4. 0-0 Nf6 5. c3 0-0 6. d4 Bb6 7. Bg5 h6 8. Bh4 d6 9. h3 Qe7 10. Re1 Rd8 11. d5 Nb8 12. Nbd2 c6 13. Bc4 Nbd7 14. a4 a6 15. b4 Nf8 16. Bf1 Ng6 17. Bxf6 Qxf6 18. Nc4 Ba7 19. b5 cxd5 20. exd5 Bc5 21. Ncd2 Qe7 22. Ne4 Ba7 23. Qb1 Qc7 24. Ng3 Rf8 25. Qb3 Nf4 26. Reb1 Bc5 27. Ne4 axb5 28. Bxb5 Ba7 29. Qb4 Bf5 30. Qxd6 Qxd6 31. Nxd6 Bxb1 32. Rxb1 Bb8 33. Nxb7 Nxd5 34. c4 Nc3 35. Re1 e4 36. Nd2 Ra7 37. Nc5 f5 38. Bd7 Kh8 39. Be6 Rf6 40. g4 Bd6 0-1

[Event "Bad Zwesten op 7th"]
[Site "Bad Zwesten"]
[Date "2003.??.??"]
[Round "5"]
[White "Nazarenus, Moritz"]
[Black "Li, Wenliang"]
[Result "1/2-1/2"]
[WhiteElo "2124"]
[BlackElo "2497"]
[PlyCount "89"]
[EventDate "2003.01.02"]
[EventType "swiss"]
[EventRounds "9"]
[EventCountry "GER"]
[SourceTitle "CBM 092 Extra"]
[Source "ChessBase"]
[SourceDate "2003.03.07"]
[SourceVersion "1"]
[SourceVersionDate "2003.03.07"]
[SourceQuality "1"]

1. d4 Nf6 2. c4 e6 3. Nf3 d5 4. Nc3 Bb4 5. Bg5 Nbd7 6. e3 c5 7. cxd5 exd5 8. Bd3 Qa5 9. Qc2 c4 10. Bf5 0-0 11. 0-0 Re8 12. Nd2 g6 13. Bxd7 Nxd7 14. Bh4 Nb6 15. e4 Bxc3 16. bxc3 Bd7 17. Rfe1 Qa3 18. Rab1 Ba4 19. Qc1 Qxc1 20. Rbxc1 Bc6 21. f3 f5 22. e5 Kf7 23. Bg5 Na4 24. Rc2 a5 25. Rb1 b5 26. a3 Rab8 27. Nf1 Rb7 28. Bd2 Bd7 29. f4 Reb8 30. Ne3 Ke6 31. Kf2 Nb6 32. Rcb2 Nc8 33. Kf3 Na7 34. Kf2 Be8 35. Nc2 g5 36. g3 Nc6 37. Kg2 Bg6 38. Kf2 Bh5 39. Be3 gxf4 40. Bxf4 Na7 41. Ke3 Nc6 42. Kf2 Ne7 43. Ne3 Be8 44. Ng2 Ng6 45. Kf3 1/2-1/2